Особенности электровосстановления мышьяка (III) на золото-углеродсодержащем электроде; Известия Томского политехнического университета [Известия ТПУ]; Т. 312, № 3 : Химия
| Parent link: | Известия Томского политехнического университета [Известия ТПУ]/ Томский политехнический университет (ТПУ).— , 2000- Т. 312, № 3 : Химия.— 2008.— [С. 54-57] |
|---|---|
| Altres autors: | , , |
| Sumari: | Заглавие с титульного листа Электронная версия печатной публикации Рассмотрены особенности электровосстановления мышьяка (III) на поверхности золото-углеродсодержащего электрода на различных фонах. Электровосстановление адсорбированной частицы HAsO2s происходит при потенциалах электровосстановления ионов водорода. Адсорбирующийся на золоте кислород, присутствующий в растворе, ингибирует процесс сорбции частиц HAsO2, поэтому кислород из раствора необходимо удалять. |
| Idioma: | rus |
| Publicat: |
2008
|
| Col·lecció: | Химия |
| Matèries: | |
| Accés en línia: | http://www.lib.tpu.ru/fulltext/v/Bulletin_TPU/2008/v312/i3/13.pdf |
| Format: | MixedMaterials Electrònic Capítol de llibre |
| KOHA link: | https://koha.lib.tpu.ru/cgi-bin/koha/opac-detail.pl?biblionumber=173187 |
MARC
| LEADER | 00000nla2a2200000 4500 | ||
|---|---|---|---|
| 001 | 173187 | ||
| 005 | 20231031164443.0 | ||
| 035 | |a (RuTPU)RU\TPU\book\187845 | ||
| 035 | |a RU\TPU\book\187844 | ||
| 090 | |a 173187 | ||
| 100 | |a 20091221d2008 k y0rusy50 ca | ||
| 101 | 0 | |a rus | |
| 102 | |a RU | ||
| 135 | |a drnn ---uucaa | ||
| 181 | 0 | |a i | |
| 182 | 0 | |a b | |
| 200 | 1 | |a Особенности электровосстановления мышьяка (III) на золото-углеродсодержащем электроде |b Электронный ресурс |f Л. Д. Власкина, Г. Н. Носкова, Н. А. Колпакова | |
| 203 | |a Текст |c электронный | ||
| 215 | |a 1 файл (361 Кб) | ||
| 225 | 1 | |a Химия | |
| 230 | |a Электронные текстовые данные (1 файл : 361 Кб) | ||
| 300 | |a Заглавие с титульного листа | ||
| 300 | |a Электронная версия печатной публикации | ||
| 320 | |a [Библиогр.: с. 57 (11 назв.)] | ||
| 330 | |a Рассмотрены особенности электровосстановления мышьяка (III) на поверхности золото-углеродсодержащего электрода на различных фонах. Электровосстановление адсорбированной частицы HAsO2s происходит при потенциалах электровосстановления ионов водорода. Адсорбирующийся на золоте кислород, присутствующий в растворе, ингибирует процесс сорбции частиц HAsO2, поэтому кислород из раствора необходимо удалять. | ||
| 337 | |a Adobe Reader | ||
| 461 | 1 | |0 (RuTPU)RU\TPU\book\176237 |t Известия Томского политехнического университета [Известия ТПУ] |f Томский политехнический университет (ТПУ) |d 2000- | |
| 463 | 1 | |0 (RuTPU)RU\TPU\book\187821 |x 1684-8519 |t Т. 312, № 3 : Химия |v [С. 54-57] |d 2008 |p 99 с. | |
| 610 | 1 | |a электровосстановление | |
| 610 | 1 | |a мышьяк | |
| 610 | 1 | |a золото-углеродсодержащие электроды | |
| 610 | 1 | |a поверхность | |
| 610 | 1 | |a адсорбированные частицы | |
| 610 | 1 | |a ионы водорода | |
| 610 | 1 | |a кислород | |
| 610 | 1 | |a растворы | |
| 610 | 1 | |a сорбция | |
| 610 | 1 | |a частицы | |
| 610 | 1 | |a труды учёных ТПУ | |
| 610 | 1 | |a электронный ресурс | |
| 701 | 1 | |a Власкина |b Л. Д. |g Любовь Демьяновна | |
| 701 | 1 | |a Носкова |b Г. Н. |c российский химик |c научный сотрудник Томского политехнического университета, кандидат химических наук |f 1969- |g Галина Николаевна |2 stltpush |3 (RuTPU)RU\TPU\pers\25863 | |
| 701 | 1 | |a Колпакова |b Н. А. |c девичья фамилия Полукарова |c российский химик |c профессор Томского политехнического университета, доктор химических наук |c Почетный химик России (1996 г.) |f 1942- |g Нина Александровна |2 stltpush |3 (RuTPU)RU\TPU\pers\21963 | |
| 801 | 1 | |a RU |b 63413507 |c 20090623 |g PSBO | |
| 801 | 2 | |a RU |b 63413507 |c 20211118 |g PSBO | |
| 856 | 4 | |u http://www.lib.tpu.ru/fulltext/v/Bulletin_TPU/2008/v312/i3/13.pdf | |
| 942 | |c CF | ||